[Event "POL-chT 2nd League"]
[Site "Jastrzebia Gora"]
[Date "2023.09.06"]
[Round "5.101"]
[White "Szymczak, Rafal"]
[Black "Szmyd, Marek"]
[Result "1/2-1/2"]
[WhiteElo "1843"]
[BlackElo "1873"]
[PlyCount "42"]
[EventDate "2023.09.02"]
[EventType "team-swiss"]
[EventRounds "9"]
[EventCountry "POL"]
[SourceTitle "EXT 2024"]
[Source "ChessBase"]
[SourceDate "2023.10.10"]
[SourceVersion "1"]
[SourceVersionDate "2023.10.10"]
[SourceQuality "1"]
[WhiteTeam "Skoczek Trojanski"]
[BlackTeam "Zarow Goniec"]
[WhiteTeamCountry "POL"]
[BlackTeamCountry "POL"]

1. d4 f5 2. g3 Nf6 3. Bg2 g6 4. Nc3 Bg7 5. e4 fxe4 6. Nxe4 Nxe4 7. Bxe4 0-0 8. f4 d6 9. c3 Nd7 10. Nf3 e5 11. dxe5 dxe5 12. 0-0 c6 13. fxe5 Qb6+ 14. Qd4 Nxe5 15. Qxb6 axb6 16. Nxe5 Rxf1+ 17. Kxf1 Bh3+ 18. Bg2 Bxg2+ 19. Kxg2 Bxe5 20. Bh6 Kf7 21. a3 Rd8 1/2-1/2

[Event "POL-chT 2nd League"]
[Site "Jastrzebia Gora"]
[Date "2023.09.03"]
[Round "2.113"]
[White "Szymczak, Rafal"]
[Black "Strepikowski, Pawel"]
[Result "1/2-1/2"]
[WhiteElo "1843"]
[BlackElo "1855"]
[PlyCount "110"]
[EventDate "2023.09.02"]
[EventType "team-swiss"]
[EventRounds "9"]
[EventCountry "POL"]
[SourceTitle "EXT 2024"]
[Source "ChessBase"]
[SourceDate "2023.10.10"]
[SourceVersion "1"]
[SourceVersionDate "2023.10.10"]
[SourceQuality "1"]
[WhiteTeam "Skoczek Trojanski"]
[BlackTeam "Olsztyn Trzydziestka"]
[WhiteTeamCountry "POL"]
[BlackTeamCountry "POL"]

1. d4 Nf6 2. Nf3 e6 3. c4 Bb4+ 4. Bd2 Qe7 5. a3 Bxd2+ 6. Nbxd2 d6 7. g3 0-0 8. Bg2 e5 9. dxe5 dxe5 10. e3 Nc6 11. 0-0 Bf5 12. Qb3 Rab8 13. Rfd1 Rfd8 14. Nf1 Nd7 15. Qc3 Nc5 16. b4 Ne4 17. Qb2 Nd6 18. c5 Nc4 19. Qc3 Be6 20. N3d2 Nxd2 21. Rxd2 Rxd2 22. Nxd2 f6 23. Nc4 Qf7 24. Nb2 Ne7 25. Rd1 Ng6 26. h4 Ne7 27. Rd2 h6 28. Bf1 Nd5 29. Qc2 f5 30. e4 Ne7 31. Bc4 f4 32. Bxe6 Qxe6 33. Qc4 Kf7 34. Rd7 Rc8 35. Kg2 fxg3 36. fxg3 Qxc4 37. Nxc4 Ke6 38. Rd2 Rf8 39. Ne3 Rc8 40. Kh3 g6 41. Nd5 Ng8 42. Kg2 c6 43. Ne3 Nf6 44. Rd6+ Kf7 45. Kf3 Rf8 46. Ng4 Ke7 47. Nxf6 Rxf6+ 48. Rxf6 Kxf6 49. g4 Ke6 50. Ke3 Kd7 51. Kd3 Kc7 52. Kc4 Kc8 53. a4 Kc7 54. Kc3 Kc8 55. Kc4 Kc7 1/2-1/2

[Event "POL-chT 2nd League"]
[Site "Jastrzebia Gora"]
[Date "2018.09.07"]
[Round "7.105"]
[White "Szymczak, Rafal"]
[Black "Kupryjaniuk, Tomasz"]
[Result "1/2-1/2"]
[WhiteElo "1883"]
[BlackElo "1878"]
[PlyCount "25"]
[EventDate "2018.09.01"]
[EventType "team-swiss"]
[EventRounds "9"]
[EventCountry "POL"]
[SourceTitle "CBM 186 Extra"]
[Source "ChessBase"]
[SourceDate "2018.08.24"]
[SourceVersion "1"]
[SourceVersionDate "2018.08.24"]
[SourceQuality "1"]
[WhiteTeam "Warszawa Skoczek Trojanski"]
[BlackTeam "Olsztyn Debiut Dziesiatka"]
[WhiteTeamCountry "POL"]
[BlackTeamCountry "POL"]

1. f4 Nh6 2. b3 g6 3. Bb2 f6 4. Nf3 d5 5. e3 Bg7 6. c4 c6 7. Be2 0-0 8. 0-0 Bg4 9. Nd4 Bd7 10. Nf3 Bg4 11. Nd4 Bd7 12. Nf3 Bg4 13. Nd4 1/2-1/2

[Event "Mazowiec-chT op 1718"]
[Site "Warsaw"]
[Date "2018.02.18"]
[Round "8.5"]
[White "Szymczak, Rafal"]
[Black "Jaskowski, Piotr"]
[Result "1/2-1/2"]
[WhiteElo "1966"]
[BlackElo "1894"]
[PlyCount "39"]
[EventDate "2017.12.03"]
[EventType "team-swiss"]
[EventRounds "10"]
[EventCountry "POL"]
[SourceTitle "EXT 2020"]
[Source "ChessBase"]
[SourceDate "2019.10.17"]
[SourceVersion "1"]
[SourceVersionDate "2019.10.17"]
[SourceQuality "1"]

1. f4 b6 2. e4 Bb7 3. Nc3 e6 4. Nf3 Nf6 5. e5 Nd5 6. Nxd5 Bxd5 7. c4 Bb7 8. d4 d6 9. Be3 dxe5 10. dxe5 Bb4+ 11. Kf2 0-0 12. Qxd8 Rxd8 13. Be2 Na6 14. Rhd1 Nc5 15. a3 Ne4+ 16. Kf1 Be7 17. Rxd8+ Rxd8 18. Rd1 h6 19. Rxd8+ Bxd8 20. Nd2 1/2-1/2

[Event "Mazowiec-chT op 1718"]
[Site "Warsaw"]
[Date "2018.01.07"]
[Round "4.28"]
[White "Golecki, Jan"]
[Black "Szymczak, Rafal"]
[Result "1/2-1/2"]
[WhiteElo "1774"]
[BlackElo "1966"]
[PlyCount "65"]
[EventDate "2017.12.03"]
[EventType "team-swiss"]
[EventRounds "10"]
[EventCountry "POL"]
[SourceTitle "EXT 2020"]
[Source "ChessBase"]
[SourceDate "2019.10.17"]
[SourceVersion "1"]
[SourceVersionDate "2019.10.17"]
[SourceQuality "1"]

1. e4 c6 2. d4 d5 3. exd5 cxd5 4. Bd3 Nf6 5. Bf4 Nc6 6. c3 e6 7. Nd2 Bd6 8. Bg3 a6 9. Ngf3 Nh5 10. Bxd6 Qxd6 11. g3 g6 12. 0-0 0-0 13. Qe2 Bd7 14. Ne5 Nxe5 15. Qxe5 Qxe5 16. dxe5 Ng7 17. f4 Ne8 18. Nb3 Nc7 19. Nd4 Bb5 20. Nxb5 Nxb5 21. Bxb5 axb5 22. a3 Ra4 23. Rad1 Rc8 24. Rf3 Kf8 25. Rfd3 Ke7 26. Rd4 Rac4 27. Kf2 h5 28. Ke3 Kd7 29. h3 Kc6 30. Rh1 Kb6 31. Kd3 Ka5 32. Rxc4 bxc4+ 33. Kc2 1/2-1/2

[Event "Warsaw YMCA Autumn-A 190th"]
[Site "Warsaw"]
[Date "2017.10.13"]
[Round "4"]
[White "Szymczak, Rafal"]
[Black "Piotrowski, Arkadiusz"]
[Result "0-1"]
[WhiteElo "1966"]
[BlackElo "1948"]
[PlyCount "90"]
[EventDate "2017.09.19"]
[EventType "tourn"]
[EventRounds "14"]
[EventCountry "POL"]
[SourceTitle "EXT 2019"]
[Source "ChessBase"]
[SourceDate "2018.10.10"]
[SourceVersion "1"]
[SourceVersionDate "2018.10.10"]
[SourceQuality "1"]

1. d4 d5 2. Nf3 Nf6 3. Bf4 e6 4. e3 Bd6 5. Ne5 0-0 6. Bd3 b6 7. 0-0 c5 8. c3 Bb7 9. Nd2 Qc7 10. Rc1 Nbd7 11. Nxd7 Qxd7 12. Bxd6 Qxd6 13. f4 a5 14. Qf3 Ba6 15. Bxa6 Rxa6 16. g4 Nd7 17. Qg3 b5 18. g5 f5 19. gxf6 Rxf6 20. Kh1 c4 21. Rg1 Qe7 22. Qh4 Rf7 23. Qh3 Qf6 24. Rg5 Rb6 25. Rcg1 b4 26. Nf3 bxc3 27. bxc3 g6 28. Qg2 Kf8 29. Qc2 Qd8 30. R5g2 Rg7 31. Qa4 Rb7 32. Qa3+ Kg8 33. Rb2 Nf6 34. Ng5 Rxb2 35. Qxb2 Re7 36. Rb1 h6 37. Nf3 Ne4 38. Rg1 Kh7 39. Rg2 Rg7 40. Nd2 Nf6 41. Qb1 Qc8 42. e4 dxe4 43. Nxe4 Nd5 44. Qe1 Qb8 45. Qh4 Qb1+ 0-1

[Event "POL-chT 2nd League"]
[Site "Szklarska Poreba"]
[Date "2017.09.05"]
[Round "4.14"]
[White "Ociepka, Tomasz"]
[Black "Szymczak, Rafal"]
[Result "1/2-1/2"]
[WhiteElo "1899"]
[BlackElo "1956"]
[PlyCount "61"]
[EventDate "2017.09.02"]
[EventType "team-swiss"]
[EventRounds "9"]
[EventCountry "POL"]
[SourceTitle "CBM 180 Extra"]
[Source "ChessBase"]
[SourceDate "2017.10.06"]
[SourceVersion "1"]
[SourceVersionDate "2017.10.06"]
[SourceQuality "1"]
[WhiteTeam "Roszada Zory"]
[BlackTeam "Skoczek Trojanski"]
[WhiteTeamCountry "POL"]
[BlackTeamCountry "POL"]

1. e4 c6 2. c4 d5 3. cxd5 cxd5 4. exd5 Qxd5 5. Nc3 Qd8 6. d4 e6 7. Nf3 Nf6 8. Bg5 Be7 9. Ne5 0-0 10. Be2 Nc6 11. Nxc6 bxc6 12. 0-0 c5 13. dxc5 Qxd1 14. Rfxd1 Bxc5 15. Bf3 Rb8 16. Na4 Be7 17. Rac1 Bb7 18. Bxb7 Rxb7 19. Rc2 Nd5 20. Bxe7 Rxe7 21. a3 g6 22. g3 Kg7 23. Nc5 a5 24. Ne4 Rb7 25. Rdd2 Rfb8 26. Nd6 Rb6 27. Nc4 Rb5 28. Nd6 R5b6 29. Nc4 Rb5 30. Nd6 R5b6 31. Nc4 1/2-1/2

[Event "Warsaw YMCA Winter-A 179th"]
[Site "Warsaw"]
[Date "2017.02.24"]
[Round "7"]
[White "Praczukowski, Stanislaw"]
[Black "Szymczak, Rafal"]
[Result "1-0"]
[WhiteElo "2065"]
[BlackElo "1995"]
[PlyCount "61"]
[EventDate "2017.01.13"]
[EventType "tourn"]
[EventRounds "11"]
[EventCountry "POL"]
[SourceTitle "EXT 2018"]
[Source "ChessBase"]
[SourceDate "2017.10.13"]
[SourceVersion "1"]
[SourceVersionDate "2017.10.13"]
[SourceQuality "1"]

1. e4 c6 2. d4 d5 3. e5 c5 4. dxc5 Nc6 5. a3 Nxe5 6. b4 e6 7. Bb2 Nc6 8. Nf3 Nf6 9. Bb5 Bd7 10. 0-0 Be7 11. Nbd2 0-0 12. Qe2 a5 13. c3 Qc7 14. Rac1 Rfe8 15. Rfe1 b6 16. cxb6 Qxb6 17. Nb3 Reb8 18. Bxc6 Bxc6 19. Nxa5 Rxa5 20. bxa5 Qxb2 21. Qxb2 Rxb2 22. Nd4 Bd7 23. Rb1 Ra2 24. a6 e5 25. a7 Rxa3 26. Ra1 Rxa7 27. Rxa7 e4 28. Rb1 Bf8 29. Rb8 Be6 30. Nxe6 fxe6 31. Raa8 1-0

[Event "Warsaw YMCA Autumn-A 174th"]
[Site "Warsaw"]
[Date "2016.11.11"]
[Round "8"]
[White "Goslawski, Michal"]
[Black "Szymczak, Rafal"]
[Result "1/2-1/2"]
[WhiteElo "2153"]
[BlackElo "2007"]
[PlyCount "37"]
[EventDate "2016.09.23"]
[EventType "tourn"]
[EventRounds "13"]
[EventCountry "POL"]
[SourceTitle "EXT 2018"]
[Source "ChessBase"]
[SourceDate "2017.10.13"]
[SourceVersion "1"]
[SourceVersionDate "2017.10.13"]
[SourceQuality "1"]

1. Nf3 d5 2. g3 c5 3. Bg2 Nc6 4. d4 e6 5. 0-0 Nf6 6. c4 dxc4 7. dxc5 Qxd1 8. Rxd1 Bxc5 9. Nbd2 0-0 10. Nxc4 Ng4 11. e3 f6 12. h3 Nh6 13. b3 e5 14. Bb2 Nf7 15. Rac1 Be7 16. e4 Be6 17. Nh4 Rfd8 18. Nf5 Bf8 19. Kf1 1/2-1/2

[Event "Warsaw YMCA Autumn-A 174th"]
[Site "Warsaw"]
[Date "2016.10.14"]
[Round "4"]
[White "Szymczak, Rafal"]
[Black "Malicka, Maria"]
[Result "1/2-1/2"]
[WhiteElo "2007"]
[BlackElo "1901"]
[PlyCount "49"]
[EventDate "2016.09.23"]
[EventType "tourn"]
[EventRounds "13"]
[EventCountry "POL"]
[SourceTitle "EXT 2018"]
[Source "ChessBase"]
[SourceDate "2017.10.13"]
[SourceVersion "1"]
[SourceVersionDate "2017.10.13"]
[SourceQuality "1"]

1. f4 c5 2. Nf3 Nc6 3. g3 g6 4. Bg2 Bg7 5. e4 d6 6. c3 e5 7. 0-0 Nge7 8. d3 0-0 9. Be3 exf4 10. Bxf4 Ne5 11. Nxe5 dxe5 12. Be3 Qd6 13. c4 b6 14. Nc3 Bb7 15. Nd5 Nxd5 16. cxd5 Qd7 17. b3 a5 18. Qd2 Ba6 19. Rf2 Rad8 20. Raf1 Qb5 21. Rd1 Bc8 22. Rdf1 Ba6 23. Rd1 Bc8 24. Rdf1 Ba6 25. Rd1 1/2-1/2

[Event "Warsaw YMCA Spring-A 167th"]
[Site "Warsaw"]
[Date "2016.06.23"]
[Round "12"]
[White "Szymczak, Rafal"]
[Black "Moscicka, Pola"]
[Result "1-0"]
[WhiteElo "2043"]
[BlackElo "1788"]
[PlyCount "151"]
[EventDate "2016.04.08"]
[EventType "tourn"]
[EventRounds "13"]
[EventCountry "POL"]
[SourceTitle "EXT 2017"]
[Source "ChessBase"]
[SourceDate "2016.10.25"]
[SourceVersion "1"]
[SourceVersionDate "2016.10.25"]
[SourceQuality "1"]

1. d4 Nf6 2. Nf3 e6 3. Bf4 d5 4. c3 Bd6 5. Bxd6 Qxd6 6. e3 0-0 7. Bd3 b6 8. 0-0 c5 9. Nbd2 Ba6 10. Bxa6 Nxa6 11. Qe2 Nc7 12. Rad1 c4 13. e4 Nd7 14. Rfe1 Rfe8 15. e5 Qe7 16. Qe3 h6 17. g3 b5 18. Nh4 Nb6 19. f4 b4 20. f5 exf5 21. Nxf5 Qe6 22. Rf1 Na4 23. cxb4 Nxb2 24. Rb1 Nd3 25. Nb3 cxb3 26. Qxd3 bxa2 27. Rb2 a5 28. b5 Rab8 29. Nd6 Re7 30. Rxa2 Ne8 31. Nxe8 Rexe8 32. Rxa5 Qb6 33. Ra6 Qxb5 34. Qxb5 Rxb5 35. Ra7 Rf8 36. Rd7 f6 37. exf6 Rxf6 38. Rxf6 gxf6 39. Kg2 Rb2+ 40. Kh3 Rd2 41. Rxd5 Kf7 42. g4 Ke6 43. Rh5 Rxd4 44. Rxh6 Kf7 45. Rh5 Kg6 46. Ra5 Rd3+ 47. Kh4 Rd2 48. Kg3 Rd3+ 49. Kf4 Rh3 50. Ra2 Kg7 51. Re2 Kg6 52. Rf2 Rh8 53. Kg3 Rf8 54. Rf5 Rb8 55. h4 Rb3+ 56. Rf3 Rb5 57. Re3 Rb4 58. Rd3 Rb5 59. Rd4 Rc5 60. Kf4 Kh6 61. Rd6 Kg7 62. Rd7+ Kg6 63. h5+ Kh6 64. Rf7 Rc4+ 65. Kf5 Rc5+ 66. Kxf6 Rc6+ 67. Ke5 Rc5+ 68. Ke6 Rc4 69. Rf6+ Kg5 70. Rg6+ Kh4 71. h6 Rc8 72. h7 Rh8 73. Rg7 Kg3 74. Kf5 Kh4 75. Kf6 Kg3 76. g5 1-0

[Event "Warsaw YMCA Spring-A 167th"]
[Site "Warsaw"]
[Date "2016.04.22"]
[Round "3"]
[White "Szymczak, Rafal"]
[Black "Bajkowski, Marcin"]
[Result "1/2-1/2"]
[WhiteElo "2043"]
[BlackElo "1910"]
[PlyCount "23"]
[EventDate "2016.04.08"]
[EventType "tourn"]
[EventRounds "13"]
[EventCountry "POL"]
[SourceTitle "EXT 2017"]
[Source "ChessBase"]
[SourceDate "2016.10.25"]
[SourceVersion "1"]
[SourceVersionDate "2016.10.25"]
[SourceQuality "1"]

1. f4 d5 2. Nf3 g6 3. g3 Bg7 4. Bg2 Nf6 5. 0-0 0-0 6. d3 c6 7. c3 Qb6+ 8. e3 Bg4 9. h3 Bxf3 10. Bxf3 Nbd7 11. d4 e6 12. Nd2 1/2-1/2

[Event "Warsaw YMCA Spring-A 167th"]
[Site "Warsaw"]
[Date "2016.04.15"]
[Round "2"]
[White "Piotrowski, Arkadiusz"]
[Black "Szymczak, Rafal"]
[Result "1/2-1/2"]
[WhiteElo "2006"]
[BlackElo "2043"]
[PlyCount "63"]
[EventDate "2016.04.08"]
[EventType "tourn"]
[EventRounds "13"]
[EventCountry "POL"]
[SourceTitle "EXT 2017"]
[Source "ChessBase"]
[SourceDate "2016.10.25"]
[SourceVersion "1"]
[SourceVersionDate "2016.10.25"]
[SourceQuality "1"]

1. d4 d5 2. Nf3 e6 3. c4 f5 4. Nc3 Nf6 5. g3 c6 6. Bg2 Bd6 7. 0-0 0-0 8. c5 Bc7 9. b4 Ne4 10. Qc2 Nd7 11. Bf4 Ndf6 12. Bxc7 Qxc7 13. Ne5 Bd7 14. Rfb1 Nxc3 15. Qxc3 a6 16. e3 Be8 17. a4 Nd7 18. Nd3 Bh5 19. Kf1 g5 20. f4 h6 21. Ke1 Nf6 22. Ne5 Nd7 23. Nd3 Nf6 24. Ne5 Nd7 25. Nxd7 Qxd7 26. a5 Qg7 27. Kd2 Be8 28. Rh1 g4 29. Rag1 h5 30. h3 Bg6 31. Bf1 Kf7 32. h4 1/2-1/2

[Event "Warsaw YMCA Winter-A 163rd"]
[Site "Warsaw"]
[Date "2016.03.17"]
[Round "9"]
[White "Szymczak, Rafal"]
[Black "Choroszej, Aleksander"]
[Result "1/2-1/2"]
[WhiteElo "2029"]
[BlackElo "1937"]
[PlyCount "27"]
[EventDate "2016.01.08"]
[EventType "tourn"]
[EventRounds "13"]
[EventCountry "POL"]
[SourceTitle "EXT 2018"]
[Source "ChessBase"]
[SourceDate "2017.10.13"]
[SourceVersion "1"]
[SourceVersionDate "2017.10.13"]
[SourceQuality "1"]

1. f4 g6 2. Nf3 Bg7 3. g3 d5 4. Bg2 Nf6 5. 0-0 0-0 6. d3 c5 7. Nc3 Nc6 8. Ne5 Be6 9. Nxc6 bxc6 10. Na4 Qa5 11. c3 Nd7 12. Be3 Rab8 13. Qc2 Rfc8 14. Bf2 1/2-1/2

[Event "Warsaw YMCA Winter-A 163rd"]
[Site "Warsaw"]
[Date "2016.02.17"]
[Round "7"]
[White "Szymczak, Rafal"]
[Black "Sielicki, Tomasz"]
[Result "1-0"]
[WhiteElo "2029"]
[BlackElo "1975"]
[PlyCount "65"]
[EventDate "2016.01.08"]
[EventType "tourn"]
[EventRounds "13"]
[EventCountry "POL"]
[SourceTitle "EXT 2018"]
[Source "ChessBase"]
[SourceDate "2017.10.13"]
[SourceVersion "1"]
[SourceVersionDate "2017.10.13"]
[SourceQuality "1"]

1. f4 d5 2. Nf3 Bg4 3. e3 Nd7 4. h3 Bxf3 5. Qxf3 e5 6. Qxd5 Qh4+ 7. Kd1 0-0-0 8. Qf3 Bd6 9. g3 Qe7 10. Bg2 c6 11. a4 Ngf6 12. Nc3 Kb8 13. b3 exf4 14. gxf4 Bb4 15. Bb2 Rhe8 16. Kc1 Nc5 17. Rd1 Ka8 18. a5 Bxc3 19. Bxc3 Nce4 20. a6 Nxc3 21. axb7+ Kb8 22. dxc3 Rxd1+ 23. Qxd1 Qxe3+ 24. Kb2 Kxb7 25. Qd6 Re6 26. Qb4+ Kc7 27. Qf8 Nd7 28. Qxf7 Re7 29. Qf5 Qb6 30. Rd1 Nc5 31. Qf8 Re2 32. Qf7+ Kb8 33. Bxc6 1-0